Normal view
MARC view
Entry Personal Name
001 - CONTROL NUMBER
- control field: 1155319
003 - CONTROL NUMBER IDENTIFIER
- control field: OSt
005 - DATE AND TIME OF LATEST TRANSACTION
- control field: 20260324115615.0
008 - FIXED-LENGTH DATA ELEMENTS
- fixed length control field: 260324|| aca||aabn | a|a d
040 ## - CATALOGING SOURCE
- Original cataloging agency: OSt
- Transcribing agency: OSt
100 ## - HEADING--PERSONAL NAME
- Personal name: Pedro Ponce; Arturo Molina; Omar Mata; Luis Ibarra; Brian MacCleery
670 ## - SOURCE DATA FOUND
- Source citation: Work cat.: (OSt)1746317: Pedro Ponce; Arturo Molina; Omar Mata; Luis Ibarra; Brian MacCleery, Power System Fundamentals
